01177nam a2200301 a 4500001001100000003000800011006001900019007001500038008004100053010001700094020002700111020002200138040002100160035002100181050002300202082001200225100002100237245011600258260004500374300002400419504006600443533015200509650002800661655002900689710001700718856012500735999001500860ebr5001333CaPaEBRm u cr cn|||||||||981106s1999 enka sb 001 0 eng  z 98051385  z0415185297 (hardbound) z0415185300 (pbk.) aCaPaEBRcCaPaEBR a(OCoLC)55967933114aHD31b.F568 1999eb04a6582211 aFlood, Robert L.10aRethinking the fifth disciplineh[electronic resource] :blearning within the unknowable /cRobert Louis Flood. aLondon ;aNew York :bRoutledge,cc1999. axvi, 213 p. :bill. aIncludes bibliographical references (p. [195]-207) and index. aElectronic reproduction.bPalo Alto, Calif. :cebrary,d2013.nAvailable via World Wide Web.nAccess may be limited to ebrary affiliated libraries. 0aManagementxPhilosophy. 7aElectronic books.2local2 aebrary, Inc.40uhttp://site.ebrary.com/lib/rucke/Doc?id=5001333zAn electronic book accessible through the World Wide Web; click to view c1149d1149